Suatu pegangan hidup

Bibliographic Details
Main Author: Brohi, A.K
Format: Book
Published: Kuala Lumpur : DBP , 1992
Subjects:

MARC

LEADER 00000cam a2200000 7i4500
001 0000005321
002 000005749
005 20000330.0
020 |a 9836226079 
090 0 0 |a 297   |b BRO 
100 1 |a Brohi, A.K 
245 1 0 |a Suatu pegangan hidup   |c A.K.Brohi ; Penterjemah Mohamad Nordin Zainuddin 
260 |a Kuala Lumpur :   |b DBP ,   |c 1992 
300 |a 310p. ;   |c 23cm. 
650 0 0 |a Islam and state 
650 0 0 |a Islam   |x Essence, genius, nature 
999 |a 033524   |b BUKU   |c PINJAMAN   |e PERPUSTAKAAN KOMUNITI PETALING JAYA